| 000 | 00334nam a2200133Ia 4500 | ||
|---|---|---|---|
| 008 | 210210b1985 xxu||||| |||| 00| 0 eng d | ||
| 082 | _a320.454 GOYI | ||
| 100 | _aGOYAL (O P). | ||
| 245 | _aIndian political system. | ||
| 260 |
_aDelhi. _bMacmillan India Ltd. _c1985 |
||
| 300 | _a202 | ||
| 690 | _aIndian Government | ||
| 906 | _a043232 | ||
| 999 |
_c92954 _d92954 |
||